[Event "29th Czech Open-Rapid 2018"]
[Site "Pardubice"]
[Date "2018.07.19"]
[Round "4"]
[White "Roskova, Katerina"]
[Black "Valenta, Vit"]
[Result "0-1"]
[WhiteElo "1886"]
[BlackElo "2144"]
[Annotator "NA"]
[PlyCount "70"]
[EventDate "2018.07.18"]
[EventType "swiss"]
[EventCountry "CZE"]
[SourceTitle "playchess.com"]
[Source "ChessBase"]
[SourceQuality "1"]
[TimeControl "900+10"]

1. d4 {[%emt 0:04:43]} Nf6 {[%emt 0:00:00]} 2. c4 {[%emt 0:00:05]} g6 {[%emt 0:00:00]} 3. g3 {[%emt 0:00:02]} Bg7 {[%emt 0:00:01]} 4. Bg2 {[%emt 0:00:02]} O-O {[%emt 0:00:09]} 5. Nc3 {[%emt 0:00:02]} d6 {[%emt 0:00:03]} 6. Nf3 {[%emt 0:00:05]} Nbd7 {[%emt 0:00:04]} 7. O-O {[%emt 0:00:08]} e5 {[%emt 0:00:06]} 8. Re1 {[%emt 0:00:36]} Re8 {[%emt 0:00:25]} 9. Rb1 {[%emt 0:00:36]} a5 {[%emt 0:00:11]} 10. b3 {[%emt 0:00:19]} h6 {[%emt 0:00:17]} 11. Bb2 {[%emt 0:00:16]} e4 {[%emt 0:00:20]} 12. Nd2 {[%emt 0:00:09]} e3 {[%emt 0:00:19]} 13. fxe3 {[%emt 0:00:18]} Rxe3 {[%emt 0:01:26]} 14. Nf1 {[%emt 0:00:15]} Re8 {[%emt 0:00:19]} 15. e4 {[%emt 0:00:31]} Nf8 {[%emt 0:00:19]} 16. Ne3 {[%emt 0:01:04]} Ne6 {[%emt 0:00:53]} 17. Ned5 {[%emt 0:01:16]} c6 {[%emt 0:02:47]} 18. Nxf6+ {[%emt 0:00:23]} Qxf6 {[%emt 0:00:02]} 19. e5 {[%emt 0:01:10]} dxe5 {[%emt 0:00:14]} 20. dxe5 {[%emt 0:00:01]} Qe7 {[%emt 0:00:12]} 21. Ne4 {[%emt 0:00:13]} Rd8 {[%emt 0:00:40]} 22. Nf6+ {[%emt 0:02:09]} Bxf6 {[%emt 0:00:30]} 23. exf6 {[%emt 0:03:11]} Qc5+ {[%emt 0:00:02]} 24. Kh1 {[%emt 0:00:02]} Rxd1 {[%emt 0:00:11]} 25. Rbxd1 {[%emt 0:00:18]} Qf8 {[%emt 0:00:19]} 26. Rd2 {[%emt 0:00:33]} a4 {[%emt 0:01:15]} 27. Red1 {[%emt 0:00:02]} axb3 {[%emt 0:00:08]} 28. axb3 {[%emt 0:00:03]} Ra2 {[%emt 0:00:08]} 29. Bh3 {[%emt 0:00:11]} Kh7 {[%emt 0:01:38]} 30. Bg4 {[%emt 0:00:34]} Qb4 {[%emt 0:00:51]} 31. Be2 {[%emt 0:00:40]} Qxb3 {[%emt 0:00:12]} 32. Ba1 {[%emt 0:00:11]} Rxd2 {[%emt 0:00:13]} 33. Rxd2 {[%emt 0:00:02]} Qe3 {[%emt 0:00:07]} 34. Ra2 {[%emt 0:00:10]} Ng5 {[%emt 0:00:25]} 35. Bf1 {[%emt 0:00:10]} Nf3 {[%emt 0:00:30]} 0-1

[Event "29th Czech Open-Rapid 2018"]
[Site "Pardubice"]
[Date "2018.07.19"]
[Round "4"]
[White "Fiala, Milan"]
[Black "Tomek, Karel"]
[Result "1/2-1/2"]
[WhiteElo "1885"]
[BlackElo "1774"]
[Annotator "NA"]
[PlyCount "90"]
[EventDate "2018.07.18"]
[EventType "swiss"]
[EventCountry "CZE"]
[SourceTitle "playchess.com"]
[Source "ChessBase"]
[SourceQuality "1"]
[TimeControl "900+10"]

1. d4 {[%emt 0:00:00]} Nf6 {[%emt 0:00:11]} 2. c4 {[%emt 0:00:00]} e6 {[%emt 0:00:02]} 3. Nf3 {[%emt 0:00:00]} Bb4+ {[%emt 0:00:01]} 4. Nbd2 {[%emt 0:00:02]} O-O {[%emt 0:00:07]} 5. e3 {[%emt 0:00:21]} Ne4 {[%emt 0:00:15]} 6. Bd3 {[%emt 0:00:16]} Bxd2+ {[%emt 0:00:05]} 7. Bxd2 {[%emt 0:00:47]} Nxd2 {[%emt 0:00:03]} 8. Qxd2 {[%emt 0:00:02]} b6 {[%emt 0:00:13]} 9. Qc2 {[%emt 0:00:31]} f5 {[%emt 0:00:06]} 10. O-O-O {[%emt 0:00:23]} Bb7 {[%emt 0:00:04]} 11. Kb1 {[%emt 0:01:03]} d5 {[%emt 0:00:22]} 12. Ne5 {[%emt 0:00:23]} Nd7 {[%emt 0:00:17]} 13. h4 {[%emt 0:01:16]} Nxe5 {[%emt 0:00:04]} 14. dxe5 {[%emt 0:00:02]} dxc4 {[%emt 0:00:21]} 15. Bxc4 {[%emt 0:00:04]} Qe7 {[%emt 0:00:39]} 16. f3 {[%emt 0:00:20]} a6 {[%emt 0:01:34]} 17. Rd2 {[%emt 0:01:48]} b5 {[%emt 0:00:03]} 18. Bb3 {[%emt 0:00:26]} c5 {[%emt 0:00:07]} 19. Qd1 {[%emt 0:01:06]} Rfd8 {[%emt 0:00:46]} 20. Bxe6+ {[%emt 0:01:26]} Kh8 {[%emt 0:02:53]} 21. Rd6 {[%emt 0:03:15]} g6 {[%emt 0:03:00]} 22. h5 {[%emt 0:01:25]} Kg7 {[%emt 0:00:08]} 23. hxg6 {[%emt 0:00:11]} hxg6 {[%emt 0:00:03]} 24. Qd2 {[%emt 0:00:29]} Rxd6 {[%emt 0:00:03]} 25. Qxd6 {[%emt 0:00:09]} Re8 {[%emt 0:00:33]} 26. Bd5 {[%emt 0:01:58]} Bxd5 {[%emt 0:01:05]} 27. Qxd5 {[%emt 0:00:02]} Qxe5 {[%emt 0:00:03]} 28. Qb7+ {[%emt 0:00:08]} Re7 {[%emt 0:01:31]} 29. Qxa6 {[%emt 0:00:16]} c4 {[%emt 0:00:13]} 30. Qa5 {[%emt 0:00:44]} Qxe3 {[%emt 0:01:02]} 31. Qxb5 {[%emt 0:00:27]} Qd3+ {[%emt 0:00:57]} 32. Ka1 {[%emt 0:00:25]} Qd2 {[%emt 0:00:11]} 33. Rb1 {[%emt 0:00:28]} c3 {[%emt 0:00:28]} 34. bxc3 {[%emt 0:00:04]} Re2 {[%emt 0:01:18]} 35. Qb2 {[%emt 0:00:14]} Rxg2 {[%emt 0:00:07]} 36. Qxd2 {[%emt 0:00:06]} Rxd2 {[%emt 0:00:01]} 37. Rc1 Rf2 38. c4 Kf6 39. c5 Ke7 40. c6 Kd8 41. Rc3 g5 42. a4 g4 43. fxg4 fxg4 44. a5 Rf5 45. Kb2 Rxa5 1/2-1/2

[Event "29th Czech Open-Rapid 2018"]
[Site "Pardubice"]
[Date "2018.07.19"]
[Round "4"]
[White "Ludvik, Tomas"]
[Black "Roessler, Ulrike"]
[Result "1/2-1/2"]
[WhiteElo "1850"]
[BlackElo "2137"]
[Annotator "NA"]
[PlyCount "153"]
[EventDate "2018.07.18"]
[EventType "swiss"]
[EventCountry "CZE"]
[SourceTitle "playchess.com"]
[Source "ChessBase"]
[SourceQuality "1"]
[TimeControl "900+10"]

1. d4 {[%emt 0:00:00]} Nf6 {[%emt 0:00:00]} 2. c4 {[%emt 0:00:00]} g6 {[%emt 0:00:00]} 3. Nc3 {[%emt 0:00:00]} Bg7 {[%emt 0:00:03]} 4. e4 {[%emt 0:00:00]} d6 {[%emt 0:00:05]} 5. Nf3 {[%emt 0:00:00]} O-O {[%emt 0:00:07]} 6. Be2 {[%emt 0:00:00]} e5 {[%emt 0:00:20]} 7. O-O {[%emt 0:00:02]} Nc6 {[%emt 0:00:03]} 8. d5 {[%emt 0:00:02]} Ne7 {[%emt 0:00:06]} 9. b4 {[%emt 0:00:01]} a5 {[%emt 0:00:27]} 10. Ba3 {[%emt 0:00:08]} axb4 {[%emt 0:00:15]} 11. Bxb4 {[%emt 0:00:03]} Nd7 {[%emt 0:00:08]} 12. a4 {[%emt 0:01:43]} h6 {[%emt 0:00:07]} 13. Nd2 {[%emt 0:00:08]} f5 {[%emt 0:00:06]} 14. Nb3 {[%emt 0:01:07]} fxe4 {[%emt 0:01:38]} 15. Nxe4 {[%emt 0:00:06]} Nf5 {[%emt 0:00:03]} 16. c5 {[%emt 0:02:18]} dxc5 {[%emt 0:00:09]} 17. Nbxc5 {[%emt 0:00:07]} Nxc5 {[%emt 0:00:34]} 18. Bxc5 {[%emt 0:00:05]} Re8 {[%emt 0:00:13]} 19. Rc1 {[%emt 0:02:51]} Nd4 {[%emt 0:00:16]} 20. Bc4 {[%emt 0:00:22]} Qh4 {[%emt 0:03:27]} 21. Re1 {[%emt 0:01:52]} Bf5 {[%emt 0:00:14]} 22. f3 {[%emt 0:01:29]} Kh8 {[%emt 0:00:08]} 23. d6 {[%emt 0:00:54]} b6 {[%emt 0:01:34]} 24. Ba3 {[%emt 0:00:12]} cxd6 {[%emt 0:00:02]} 25. Nxd6 {[%emt 0:00:54]} Reb8 {[%emt 0:00:53]} 26. Nf7+ {[%emt 0:00:47]} Kh7 {[%emt 0:00:04]} 27. Nxe5 {[%emt 0:00:44]} Rd8 {[%emt 0:00:00]} 28. Nf7 {[%emt 0:00:45]} Rd7 {[%emt 0:00:07]} 29. Nd6 {[%emt 0:01:17]} Nc2 {[%emt 0:01:22]} 30. Nxf5 {[%emt 0:00:52]} Rxd1 {[%emt 0:00:03]} 31. Nxh4 {[%emt 0:00:03]} Rxe1+ {[%emt 0:00:01]} 32. Rxe1 {[%emt 0:00:02]} Nxe1 {[%emt 0:00:01]} 33. Kf1 {[%emt 0:00:55]} Rxa4 {[%emt 0:00:25]} 34. Kxe1 {[%emt 0:00:12]} Rxc4 {[%emt 0:00:04]} 35. g4 {[%emt 0:00:26]} g5 {[%emt 0:00:17]} 36. Nf5 {[%emt 0:00:01]} Rc3 {[%emt 0:00:04]} 37. Bb2 {[%emt 0:00:15]} Rxf3 {[%emt 0:00:16]} 38. Nxg7 {[%emt 0:00:19]} Rh3 {[%emt 0:00:01]} 39. Nf5 {[%emt 0:00:12]} Rxh2 {[%emt 0:00:03]} 40. Bd4 {[%emt 0:00:01]} b5 {[%emt 0:00:01]} 41. Nd6 {[%emt 0:00:04]} b4 {[%emt 0:00:03]} 42. Kd1 {[%emt 0:00:20]} Rg2 {[%emt 0:00:02]} 43. Ne4 {[%emt 0:00:13]} Kg6 {[%emt 0:00:05]} 44. Nf2 {[%emt 0:00:13]} h5 {[%emt 0:00:09]} 45. gxh5+ {[%emt 0:00:04]} Kxh5 {[%emt 0:00:02]} 46. Kc2 {[%emt 0:00:16]} g4 {[%emt 0:00:01]} 47. Kb3 {[%emt 0:00:01]} g3 {[%emt 0:00:01]} 48. Ne4 {[%emt 0:00:00]} Kg4 {[%emt 0:00:19]} 49. Nxg3 {[%emt 0:00:20]} Rxg3+ {[%emt 0:00:03]} 50. Kxb4 {[%emt 0:00:01]} Kf5 {[%emt 0:00:04]} 51. Kc4 {[%emt 0:00:04]} Ke4 {[%emt 0:00:02]} 52. Bc5 {[%emt 0:00:10]} Rg8 {[%emt 0:00:03]} 53. Bb4 {[%emt 0:00:11]} Rc8+ {[%emt 0:00:01]} 54. Bc5 {[%emt 0:00:01]} Ke5 {[%emt 0:00:05]} 55. Kb5 {[%emt 0:00:28]} Kd5 {[%emt 0:00:02]} 56. Ba7 {[%emt 0:00:19]} Rc1 {[%emt 0:00:04]} 57. Kb6 {[%emt 0:00:11]} Rc2 {[%emt 0:00:16]} 58. Kb7 {[%emt 0:00:02]} Kd6 {[%emt 0:00:02]} 59. Bb8+ {[%emt 0:00:11]} Kd7 {[%emt 0:00:01]} 60. Ka8 {[%emt 0:00:15]} Ra2+ {[%emt 0:00:04]} 61. Ba7 {[%emt 0:00:05]} Kc6 {[%emt 0:00:07]} 62. Kb8 {[%emt 0:00:02]} Kb5 {[%emt 0:00:05]} 63. Ka8 {[%emt 0:00:21]} Ka6 {[%emt 0:00:02]} 64. Kb8 {[%emt 0:00:15]} Rg2 {[%emt 0:00:03]} 65. Ka8 {[%emt 0:00:02]} Rg6 {[%emt 0:00:06]} 66. Bb8 {[%emt 0:00:05]} Rg7 {[%emt 0:00:17]} 67. Be5 {[%emt 0:00:05]} Rf7 {[%emt 0:00:05]} 68. Bb8 {[%emt 0:00:04]} Kb6 {[%emt 0:00:17]} 69. Be5 {[%emt 0:00:03]} Ra7+ {[%emt 0:00:08]} 70. Kb8 {[%emt 0:00:13]} Re7 {[%emt 0:00:01]} 71. Bd4+ {[%emt 0:00:20]} Kc6 {[%emt 0:00:01]} 72. Bf2 {[%emt 0:00:23]} Rb7+ {[%emt 0:00:01]} 73. Ka8 {[%emt 0:00:04]} Rf7 {[%emt 0:00:15]} 74. Ba7 {[%emt 0:00:02]} Rf3 {[%emt 0:00:47]} 75. Bb8 {[%emt 0:00:16]} Kd7 {[%emt 0:00:01]} 76. Kb7 {[%emt 0:00:12]} Rb3+ {[%emt 0:00:02]} 77. Ka8 {[%emt 0:00:01]} 1/2-1/2

[Event "29th Czech Open-Rapid 2018"]
[Site "Pardubice"]
[Date "2018.07.19"]
[Round "4"]
[White "Zarovs, Aleksandrs"]
[Black "Cerveny, Martin"]
[Result "0-1"]
[WhiteElo "1845"]
[BlackElo "2388"]
[Annotator "NA"]
[PlyCount "86"]
[EventDate "2018.07.18"]
[EventType "swiss"]
[EventCountry "CZE"]
[SourceTitle "playchess.com"]
[Source "ChessBase"]
[SourceQuality "1"]
[TimeControl "900+10"]

1. e4 {[%emt 0:01:03]} c5 {[%emt 0:00:00]} 2. Nf3 {[%emt 0:00:01]} d6 {[%emt 0:00:00]} 3. Bb5+ {[%emt 0:00:01]} Nd7 {[%emt 0:00:17]} 4. d4 {[%emt 0:00:02]} a6 {[%emt 0:00:23]} 5. Bxd7+ {[%emt 0:00:08]} Bxd7 {[%emt 0:00:05]} 6. O-O {[%emt 0:00:13]} cxd4 {[%emt 0:00:06]} 7. Qxd4 {[%emt 0:00:01]} Bc6 {[%emt 0:01:11]} 8. c4 {[%emt 0:00:12]} h6 {[%emt 0:00:16]} 9. Nc3 {[%emt 0:00:02]} e5 {[%emt 0:00:40]} 10. Qd3 {[%emt 0:00:02]} Nf6 {[%emt 0:00:05]} 11. Rd1 {[%emt 0:00:08]} Be7 {[%emt 0:00:02]} 12. b3 {[%emt 0:00:01]} O-O {[%emt 0:00:14]} 13. a4 {[%emt 0:00:02]} Qc8 {[%emt 0:02:01]} 14. Ba3 {[%emt 0:00:33]} Rd8 {[%emt 0:00:11]} 15. Nd5 {[%emt 0:00:49]} Bxd5 {[%emt 0:00:11]} 16. cxd5 {[%emt 0:00:03]} Qg4 {[%emt 0:00:11]} 17. Re1 {[%emt 0:01:16]} Rd7 {[%emt 0:02:20]} 18. Nd2 {[%emt 0:00:41]} Nh5 {[%emt 0:00:06]} 19. Nc4 {[%emt 0:00:59]} Nf4 {[%emt 0:01:06]} 20. Qf1 {[%emt 0:00:08]} Rf8 {[%emt 0:00:50]} 21. Nb6 {[%emt 0:00:28]} Rdd8 {[%emt 0:00:04]} 22. Nc4 {[%emt 0:00:01]} Qh5 {[%emt 0:01:13]} 23. Ne3 {[%emt 0:01:18]} g6 {[%emt 0:00:10]} 24. Rac1 {[%emt 0:00:05]} Rd7 {[%emt 0:00:10]} 25. Rc3 {[%emt 0:04:19]} f5 {[%emt 0:00:12]} 26. Nc4 {[%emt 0:01:15]} fxe4 {[%emt 0:00:15]} 27. Nb6 {[%emt 0:00:08]} Rdd8 {[%emt 0:00:08]} 28. Rxe4 {[%emt 0:00:10]} Rf7 {[%emt 0:00:57]} 29. Rc7 {[%emt 0:01:14]} Qf5 {[%emt 0:01:56]} 30. Rec4 {[%emt 0:00:24]} e4 {[%emt 0:00:35]} 31. Rxb7 {[%emt 0:00:49]} e3 {[%emt 0:00:09]} 32. f3 {[%emt 0:01:34]} e2 {[%emt 0:00:22]} 33. Qe1 {[%emt 0:00:07]} Nxg2 {[%emt 0:01:22]} 34. Qxe2 {[%emt 0:00:28]} Nf4 {[%emt 0:00:03]} 35. Rxf4 {[%emt 0:00:26]} Qxf4 {[%emt 0:00:02]} 36. Nc4 {[%emt 0:01:11]} Qg5+ {[%emt 0:00:11]} 37. Kh1 {[%emt 0:00:07]} Rdf8 {[%emt 0:00:56]} 38. Nxd6 {[%emt 0:00:33]} Bxd6 {[%emt 0:00:49]} 39. Rxf7 Rxf7 {[%emt 0:00:08]} 40. Bxd6 {[%emt 0:00:04]} Qxd5 {[%emt 0:00:08]} 41. Qe8+ {[%emt 0:00:29]} Kh7 {[%emt 0:00:02]} 42. Qe5 {[%emt 0:00:13]} Qxf3+ {[%emt 0:00:03]} 43. Kg1 {[%emt 0:00:01]} Qf1# 0-1

[Event "29th Czech Open-Rapid 2018"]
[Site "Pardubice"]
[Date "2018.07.19"]
[Round "4"]
[White "Trost, Martin"]
[Black "Ruzicka, Josef"]
[Result "0-1"]
[WhiteElo "1844"]
[BlackElo "2089"]
[Annotator "NA"]
[PlyCount "72"]
[EventDate "2018.07.18"]
[EventType "swiss"]
[EventCountry "CZE"]
[SourceTitle "playchess.com"]
[Source "ChessBase"]
[SourceQuality "1"]
[TimeControl "900+10"]

1. e4 {[%emt 0:02:56]} c5 {[%emt 0:00:00]} 2. Nc3 {[%emt 0:00:01]} d6 {[%emt 0:00:00]} 3. f4 {[%emt 0:00:01]} g6 {[%emt 0:00:08]} 4. Nf3 {[%emt 0:00:02]} Bg7 {[%emt 0:00:07]} 5. Bc4 {[%emt 0:00:13]} Nc6 {[%emt 0:00:16]} 6. d3 {[%emt 0:00:46]} e6 {[%emt 0:00:11]} 7. O-O {[%emt 0:00:06]} Nge7 {[%emt 0:00:06]} 8. Qe1 {[%emt 0:00:02]} O-O {[%emt 0:00:22]} 9. Bb3 {[%emt 0:00:22]} Nd4 {[%emt 0:01:14]} 10. Nxd4 {[%emt 0:00:07]} cxd4 {[%emt 0:00:49]} 11. Nd1 {[%emt 0:00:09]} Nc6 {[%emt 0:04:03]} 12. Bd2 {[%emt 0:00:53]} Bd7 {[%emt 0:01:22]} 13. a3 {[%emt 0:02:16]} b5 {[%emt 0:00:28]} 14. Qg3 {[%emt 0:00:48]} Qe7 {[%emt 0:02:20]} 15. Nf2 {[%emt 0:01:47]} a5 {[%emt 0:01:06]} 16. h4 {[%emt 0:03:34]} h5 {[%emt 0:00:51]} 17. Nh3 {[%emt 0:02:08]} a4 {[%emt 0:00:54]} 18. Ba2 {[%emt 0:00:05]} Bf6 {[%emt 0:02:46]} 19. Ng5 {[%emt 0:00:21]} Bxg5 {[%emt 0:00:26]} 20. hxg5 {[%emt 0:00:15]} Rab8 {[%emt 0:00:08]} 21. Rae1 {[%emt 0:00:37]} b4 {[%emt 0:00:04]} 22. f5 {[%emt 0:00:34]} b3 {[%emt 0:00:11]} 23. cxb3 {[%emt 0:00:16]} axb3 {[%emt 0:00:02]} 24. Bb1 {[%emt 0:00:08]} Ne5 {[%emt 0:00:07]} 25. Bb4 {[%emt 0:00:21]} exf5 {[%emt 0:00:27]} 26. exf5 {[%emt 0:00:10]} Bxf5 {[%emt 0:00:04]} 27. Bxd6 {[%emt 0:00:21]} Qxd6 {[%emt 0:00:02]} 28. Qxe5 {[%emt 0:00:01]} Qxe5 {[%emt 0:00:32]} 29. Rxe5 {[%emt 0:00:01]} Rfe8 {[%emt 0:00:03]} 30. Rfe1 {[%emt 0:00:01]} Kf8 {[%emt 0:00:27]} 31. Rxe8+ {[%emt 0:00:17]} Rxe8 {[%emt 0:00:01]} 32. Rxe8+ {[%emt 0:00:01]} Kxe8 {[%emt 0:00:01]} 33. Kf2 {[%emt 0:00:12]} Ke7 {[%emt 0:00:26]} 34. Kf3 {[%emt 0:00:03]} Ke6 {[%emt 0:00:08]} 35. Kf4 {[%emt 0:00:03]} Kd6 {[%emt 0:00:05]} 36. Kf3 {[%emt 0:00:50]} Ke5 {[%emt 0:00:04]} 0-1

[Event "29th Czech Open-Rapid 2018"]
[Site "Pardubice"]
[Date "2018.07.19"]
[Round "4"]
[White "Trost, Edvin"]
[Black "Kolasa, Pjotrs"]
[Result "0-1"]
[WhiteElo "1831"]
[BlackElo "2104"]
[Annotator "NA"]
[PlyCount "92"]
[EventDate "2018.07.18"]
[EventType "swiss"]
[EventCountry "CZE"]
[SourceTitle "playchess.com"]
[Source "ChessBase"]
[SourceQuality "1"]
[TimeControl "900+10"]

1. e4 {[%emt 0:00:00]} e5 {[%emt 0:00:35]} 2. Nf3 {[%emt 0:00:00]} Nc6 {[%emt 0:00:02]} 3. Bb5 {[%emt 0:00:00]} a6 {[%emt 0:00:01]} 4. Ba4 {[%emt 0:00:00]} Nf6 {[%emt 0:00:02]} 5. O-O {[%emt 0:00:00]} b5 {[%emt 0:00:01]} 6. Bb3 {[%emt 0:00:00]} Be7 {[%emt 0:00:04]} 7. Re1 {[%emt 0:00:06]} O-O {[%emt 0:00:06]} 8. c3 {[%emt 0:00:02]} d6 {[%emt 0:00:26]} 9. h3 {[%emt 0:00:03]} h6 {[%emt 0:00:18]} 10. d3 {[%emt 0:00:14]} Re8 {[%emt 0:00:13]} 11. Nbd2 {[%emt 0:00:25]} Bf8 {[%emt 0:00:01]} 12. Nf1 {[%emt 0:00:02]} Na5 {[%emt 0:00:11]} 13. Bc2 {[%emt 0:00:02]} c5 {[%emt 0:00:02]} 14. Ng3 {[%emt 0:00:38]} d5 {[%emt 0:01:56]} 15. exd5 {[%emt 0:02:22]} Qxd5 {[%emt 0:00:16]} 16. d4 {[%emt 0:00:01]} cxd4 {[%emt 0:03:46]} 17. cxd4 {[%emt 0:00:10]} e4 {[%emt 0:00:16]} 18. Ne5 {[%emt 0:00:25]} Bb7 {[%emt 0:01:23]} 19. Nxe4 Qe6 {[%emt 0:00:02]} 20. Nxf6+ {[%emt 0:05:24]} Qxf6 {[%emt 0:03:40]} 21. Be3 Rac8 {[%emt 0:00:01]} 22. Qd3 {[%emt 0:03:47]} g6 23. Qd2 {[%emt 0:00:09]} Nc4 {[%emt 0:01:29]} 24. Nxc4 {[%emt 0:01:04]} bxc4 {[%emt 0:00:53]} 25. d5 Red8 {[%emt 0:00:01]} 26. Be4 {[%emt 0:00:46]} Qh4 {[%emt 0:00:37]} 27. Bf3 {[%emt 0:00:43]} Bg7 {[%emt 0:00:12]} 28. Rad1 {[%emt 0:00:34]} c3 29. Qe2 {[%emt 0:00:01]} cxb2 {[%emt 0:00:37]} 30. d6 {[%emt 0:00:00]} Bxf3 {[%emt 0:00:05]} 31. Qxf3 {[%emt 0:00:46]} Qa4 {[%emt 0:00:41]} 32. Qd5 {[%emt 0:00:33]} Qc4 {[%emt 0:00:09]} 33. d7 {[%emt 0:00:07]} Qxd5 {[%emt 0:00:05]} 34. Rxd5 Rc7 {[%emt 0:00:05]} 35. Red1 {[%emt 0:00:41]} Rcxd7 36. Rxd7 {[%emt 0:00:18]} Rxd7 {[%emt 0:00:11]} 37. Rb1 a5 {[%emt 0:00:14]} 38. a4 {[%emt 0:00:10]} Rd3 39. Kf1 Ra3 {[%emt 0:00:14]} 40. Ke2 {[%emt 0:01:41]} Rxa4 {[%emt 0:00:01]} 41. Kd2 {[%emt 0:00:01]} Rc4 {[%emt 0:00:03]} 42. Kd3 Rc8 43. Bd4 {[%emt 0:00:39]} Rd8 {[%emt 0:00:11]} 44. Rxb2 Rxd4+ {[%emt 0:00:00]} 45. Ke3 {[%emt 0:00:07]} Re4+ {[%emt 0:00:00]} 46. Kxe4 {[%emt 0:00:01]} Bxb2 0-1

[Event "29th Czech Open-Rapid 2018"]
[Site "Pardubice"]
[Date "2018.07.19"]
[Round "4"]
[White "Zdrazil, Jan"]
[Black "Buchcar, Tomas"]
[Result "1/2-1/2"]
[WhiteElo "1809"]
[BlackElo "2174"]
[Annotator "NA"]
[PlyCount "74"]
[EventDate "2018.07.18"]
[EventType "swiss"]
[EventCountry "CZE"]
[SourceTitle "playchess.com"]
[Source "ChessBase"]
[SourceQuality "1"]
[TimeControl "900+10"]

1. e4 {[%emt 0:00:00]} c5 {[%emt 0:00:00]} 2. Nf3 {[%emt 0:00:00]} e6 {[%emt 0:00:00]} 3. d4 {[%emt 0:00:00]} cxd4 {[%emt 0:00:00]} 4. Nxd4 {[%emt 0:00:00]} a6 {[%emt 0:00:00]} 5. Nc3 {[%emt 0:00:00]} b5 {[%emt 0:00:02]} 6. g3 {[%emt 0:00:02]} Bb7 {[%emt 0:00:02]} 7. Bg2 {[%emt 0:00:01]} Qc7 {[%emt 0:00:07]} 8. O-O {[%emt 0:00:07]} d6 {[%emt 0:00:04]} 9. Re1 {[%emt 0:00:06]} Nf6 {[%emt 0:00:11]} 10. a4 {[%emt 0:00:21]} b4 {[%emt 0:00:18]} 11. Nd5 {[%emt 0:00:02]} exd5 {[%emt 0:01:39]} 12. exd5+ {[%emt 0:00:00]} Kd8 {[%emt 0:00:25]} 13. Bg5 {[%emt 0:00:19]} Nbd7 {[%emt 0:02:08]} 14. Nc6+ {[%emt 0:04:37]} Bxc6 {[%emt 0:00:50]} 15. dxc6 {[%emt 0:00:01]} Nc5 {[%emt 0:00:47]} 16. Qd5 {[%emt 0:06:49]} Ne6 {[%emt 0:03:22]} 17. Bxf6+ {[%emt 0:00:32]} gxf6 {[%emt 0:00:01]} 18. Rad1 {[%emt 0:01:24]} Be7 {[%emt 0:02:08]} 19. f4 {[%emt 0:00:26]} Rf8 {[%emt 0:04:05]} 20. Qh5 {[%emt 0:01:02]} Rc8 {[%emt 0:00:44]} 21. Qxh7 {[%emt 0:00:09]} Qb6+ {[%emt 0:00:01]} 22. Kh1 {[%emt 0:00:03]} Rxc6 {[%emt 0:00:01]} 23. Bxc6 {[%emt 0:00:43]} Qxc6+ {[%emt 0:00:00]} 24. Qe4 {[%emt 0:00:19]} Qxe4+ {[%emt 0:00:33]} 25. Rxe4 {[%emt 0:00:01]} a5 {[%emt 0:00:01]} 26. Rd5 {[%emt 0:00:20]} Nc5 {[%emt 0:00:15]} 27. Rc4 {[%emt 0:00:30]} Kc7 {[%emt 0:00:11]} 28. b3 {[%emt 0:00:02]} Kc6 {[%emt 0:00:34]} 29. Rf5 {[%emt 0:00:23]} Rd8 {[%emt 0:00:18]} 30. h4 {[%emt 0:00:16]} d5 {[%emt 0:00:45]} 31. Rd4 {[%emt 0:00:01]} Ne4 {[%emt 0:00:02]} 32. Kg2 {[%emt 0:00:12]} Bc5 {[%emt 0:00:03]} 33. Rd3 {[%emt 0:00:59]} Bf2 {[%emt 0:00:22]} 34. h5 {[%emt 0:00:26]} Rg8 {[%emt 0:00:26]} 35. h6 {[%emt 0:00:25]} Rh8 {[%emt 0:00:12]} 36. Rh5 {[%emt 0:00:03]} Bc5 {[%emt 0:00:09]} 37. Rdxd5 {[%emt 0:00:08]} Bb6 1/2-1/2

[Event "29th Czech Open-Rapid 2018"]
[Site "Pardubice"]
[Date "2018.07.19"]
[Round "4"]
[White "Effenberger, Adam"]
[Black "Brejnik, Gustav"]
[Result "0-1"]
[WhiteElo "1784"]
[BlackElo "1951"]
[Annotator "NA"]
[PlyCount "80"]
[EventDate "2018.07.18"]
[EventType "swiss"]
[EventCountry "CZE"]
[SourceTitle "playchess.com"]
[Source "ChessBase"]
[SourceQuality "1"]
[TimeControl "900+10"]

1. e4 {[%emt 0:00:00]} c6 {[%emt 0:00:00]} 2. d4 {[%emt 0:00:00]} d5 {[%emt 0:00:00]} 3. Nc3 {[%emt 0:00:05]} dxe4 {[%emt 0:00:00]} 4. Nxe4 {[%emt 0:00:08]} Bf5 {[%emt 0:00:00]} 5. Ng3 {[%emt 0:00:11]} Bg6 {[%emt 0:00:00]} 6. N1e2 {[%emt 0:00:19]} Nf6 {[%emt 0:00:11]} 7. Nf4 {[%emt 0:00:10]} Nbd7 {[%emt 0:00:07]} 8. Bc4 {[%emt 0:00:35]} Qc7 {[%emt 0:00:02]} 9. O-O {[%emt 0:00:58]} e6 {[%emt 0:00:03]} 10. Re1 {[%emt 0:00:19]} Be7 {[%emt 0:00:06]} 11. Bxe6 {[%emt 0:00:24]} fxe6 {[%emt 0:00:13]} 12. Nxe6 {[%emt 0:00:06]} Qb6 {[%emt 0:03:24]} 13. Nxg7+ {[%emt 0:00:12]} Kf7 {[%emt 0:00:06]} 14. N7f5 {[%emt 0:00:23]} Rhe8 {[%emt 0:00:41]} 15. Bf4 {[%emt 0:05:45]} Bb4 {[%emt 0:03:59]} 16. c3 {[%emt 0:00:40]} Rxe1+ {[%emt 0:00:02]} 17. Qxe1 {[%emt 0:00:08]} Re8 {[%emt 0:00:02]} 18. Qd2 {[%emt 0:00:32]} Bf8 {[%emt 0:00:24]} 19. Nd6+ {[%emt 0:01:31]} Bxd6 {[%emt 0:00:07]} 20. Bxd6 {[%emt 0:00:02]} Re6 {[%emt 0:00:56]} 21. Ba3 {[%emt 0:00:42]} Qb5 {[%emt 0:01:26]} 22. Re1 {[%emt 0:00:11]} Qd5 {[%emt 0:00:02]} 23. b3 {[%emt 0:01:09]} b5 {[%emt 0:00:22]} 24. f4 {[%emt 0:00:53]} Ne4 {[%emt 0:01:10]} 25. Nxe4 {[%emt 0:00:46]} Rxe4 {[%emt 0:00:26]} 26. g4 {[%emt 0:00:23]} Nf6 {[%emt 0:00:40]} 27. h3 {[%emt 0:00:32]} Rxe1+ {[%emt 0:00:27]} 28. Qxe1 {[%emt 0:00:01]} Qe4 {[%emt 0:00:01]} 29. Qf2 {[%emt 0:00:53]} Qb1+ {[%emt 0:00:08]} 30. Kh2 {[%emt 0:00:16]} Qc2 {[%emt 0:00:33]} 31. Qxc2 {[%emt 0:00:58]} Bxc2 {[%emt 0:00:02]} 32. Bc5 {[%emt 0:00:02]} a6 {[%emt 0:00:09]} 33. Kg2 {[%emt 0:00:19]} Nd5 {[%emt 0:00:14]} 34. Kf3 {[%emt 0:00:37]} Nxc3 {[%emt 0:00:11]} 35. f5 {[%emt 0:00:26]} a5 {[%emt 0:01:18]} 36. Bb6 {[%emt 0:00:08]} Nxa2 {[%emt 0:00:59]} 37. Bxa5 {[%emt 0:00:02]} Bxb3 {[%emt 0:00:01]} 38. Ke4 {[%emt 0:00:11]} Bc2+ {[%emt 0:00:22]} 39. Ke5 {[%emt 0:00:03]} b4 {[%emt 0:00:01]} 40. Kd6 {[%emt 0:00:09]} b3 {[%emt 0:00:05]} 0-1